000
00313nam a2200121Ia 4500
008
230627s9999 xx 000 0 und d
041
_a
eng
082
_a
342.068
_b
SAR
100
_a
Sarkar S. C
245
_a
All India Services Manual V.02
250
_a
2ed.
260
_a
Allahabad
_b
Dwivedi Law Publications
_c
2001
999
_c
702736
_d
702736